Loading...
| Fine Arts - Classical Music | 0 | 3 | 0 | 1 | 30 | 125 | 129.67 | 0 | 0 | -0.29 | 4.55 |
| History - World | 0 | 1 | 0 | 0 | 10 | 66 | 66.00 | 0 | 1 | 4.17 | 6.36 |
| Science - Physics | 0 | 1 | 0 | 0 | 10 | 65 | 65.00 | 0 | 1 | 4.33 | 7.27 |
| Philosophy | 0 | 1 | 0 | 0 | 10 | 119 | 119.00 | 0 | 1 | 1.19 | 4.55 |
| Pop Culture | 0 | 1 | 0 | 0 | 10 | 26 | 26.00 | 0 | 1 | 40.71 | 40.00 |
| Science - Other | 0 | 1 | 0 | 0 | 10 | 122 | 122.00 | 0 | 0 | 0.00 | 1.82 |
| Mythology | 0 | 1 | 0 | 1 | 10 | 124 | 124.00 | 0 | 1 | 0.00 | 1.82 |
| History - American | 0 | 1 | 1 | 0 | 5 | 116 | 116.00 | 0 | 1 | 0.08 | 3.64 |
| Science - Biology | 0 | 0 | 0 | 0 | 0 | 0.00 | 0 | 0 | 0.00 | 0.00 | |
| Literature - World | 0 | 0 | 1 | 0 | -5 | 0.00 | 0 | 0 | 0.00 | 0.00 |